000 00505nam a2200205Ia 4500
005 20240405151953.0
008 131103s9999 xx 000 0 und d
020 _a81 272 3279 3
_cRs 225
040 _aLoreto College
041 _aEnglish
082 _a330
_bLEK
100 _aLekhi,R.K
245 _aI.S.C.Economics
_cR.K.Lekhi
260 _aNew Delhi
_bKalyani
_c2007
300 _a498p
_b ill,chart&table
650 _aEconomics
651 _aSocial Science
850 _aLCBED
942 _cBK
999 _c27074
_d77553